Biographie universelle des musiciens et bibliographie générale de la musique (Record no. 54108)

MARC details
000 -LEADER
campo de control de longitud fija 01207nam a22002295i 4500
001 - NÚMERO DE CONTROL
campo de control 54108
003 - IDENTIFICADOR DE NÚMERO DE CONTROL
campo de control ES-MaACL
007 - CAMPO FIJO DE DESCRIPCIÓN FÍSICA--INFORMACIÓN GENERAL
campo de control de longitud fija t|
008 - DATOS DE LONGITUD FIJA--INFORMACIÓN GENERAL
campo de control de longitud fija 960711m18601880fr ||||1| fre d
040 ## - FUENTE DE CATALOGACIÓN
Centro catalogador/agencia de origen CAM
Lengua de catalogación spa
Centro/agencia transcriptor CAM
100 1# - ENTRADA PRINCIPAL--NOMBRE DE PERSONA
Nombre de persona Fétis, François Joseph.
9 (RLIN) 50629
245 10 - MENCIÓN DEL TÍTULO
Título Biographie universelle des musiciens et bibliographie générale de la musique
Resto del título : par F. J. Fétis.
250 ## - MENCION DE EDICION
Mención de edición 2e éd. entiérement refondue et augmentée de plus de moitié.
260 ## - PUBLICACIÓN, DISTRIBUCIÓN, ETC.
Lugar de publicación, distribución, etc. Paris :
Nombre del editor, distribuidor, etc. Librairie de Firmin Didot Fréres, fils et cie,
Fecha de publicación, distribución, etc. 1860-1880 (
Fabricante Typographie de H. Firmin Didot)
300 ## - DESCRIPCIÓN FÍSICA
Extensión 10 v. ;
Dimensiones 24 cm.
500 ## - NOTA GENERAL
Materiales especificados Suplementos v. IX y X: "publiés sous la direction de Arthur Pougin"
505 8# - NOTA DE CONTENIDO CON FORMATO
Nota de contenido con formato Contiene: v. 1. A-Bohrer -- v. 2. Boieldieu-Derossi -- v. 3. Desargus-Giardini -- v. 4. Gibbons-Karynski -- v. 5. Kechlina-Martini -- v. 6. Martini, Jean Baptiste-Pérolle -- v. 7. Perotti-Scultetus -- v. 8. Sebastiani-Zyka -- v. 9. Supplément et complément I : A-Holmes -- v. 10. Supplément et complément II : Holmes, Auguste-Zwingli
650 14 - PUNTO DE ACCESO ADICIONAL DE MATERIA--TÉRMINO DE MATERIA
Término de materia o nombre geográfico como elemento de entrada Músicos-
Subdivisión de forma Biografías.
9 (RLIN) 15425
650 14 - PUNTO DE ACCESO ADICIONAL DE MATERIA--TÉRMINO DE MATERIA
Término de materia o nombre geográfico como elemento de entrada Música-
Subdivisión de forma Bibliografías.
9 (RLIN) 15378
700 1# - ENTRADA AGREGADA--NOMBRE PERSONAL
Nombre de persona Pougin, Arthur.
9 (RLIN) 93427
852 ## - LOCALIZACIÓN
Ubicación ES-MaACL
Número de control de estantería G-14796-805
Holdings
Estatus retirado Estado de pérdida Estado de daño No para préstamo Colección Biblioteca de origen Biblioteca actual Ubicación en estantería Fecha de adquisición Fuente de adquisición Total de préstamos Signatura topográfica completa Código de barras Visto por última vez Precio de reemplazo Tipo de ítem Koha
        Libros del s. XIX Biblioteca del Ateneo de Madrid Biblioteca del Ateneo de Madrid Sala Pecera Planta 3 17/01/2008     G-14796-805 1056865 23/02/2023 23/02/2023 Libro impreso antiguo